| 000 | 00426nam a2200121 4500 | ||
|---|---|---|---|
| 008 | 240726b |||||||| |||| 00| 0 eng d | ||
| 040 |
_aNational Science Library _cNational Science Library |
||
| 100 | _aGrunwald, Berthold | ||
| 245 |
_aNeomogenitatea termica si chimica: _bA gazelor din motoarele cu ardere interna |
||
| 260 |
_aRomania: _bEditura Academiei Republicii Socialiste, _c1975 |
||
| 300 | _a266p. | ||
| 942 |
_2udc _cBK |
||
| 999 |
_c64876 _d64876 |
||